[Event "Washington Open Championship"]
[Site "Lynnwood, WA"]
[Date "2016.05.28"]
[Round "2"]
[White "Feng Roland  (WA)"]
[Black "Rupel David  (WA)"]
[Result "1-0"]
[WhiteElo "2430"]
[BlackElo "2057"]
[Annotator ""]
[Source ""]
[Remark "Open"]

1.d4 Nf6 2.c4 e6 3.Nf3 Bb4+ 4.Nbd2 O-O 5.a3 Be7 6.e4 d5 7.e5
Ne4 8.Qc2 Nxd2 9.Bxd2 dxc4 10.Bxc4 Nd7 11.Bd3 h6 12.b4 Nb6 13.O-O
a6 14.Rfc1 c6 15.Re1 f5 16.exf6 Rxf6 17.Ne5 Qxd4 18.Bc3 Qh4 19.Bh7+
Kh8 20.g3 Qh3 21.Ng6+ Rxg6 22.Qxg6 Bf8 23.Re5 1-0

[Event "Washington Open Championship"]
[Site "Lynnwood, WA"]
[Date "2016.05.28"]
[Round "2"]
[White "Roper David  (WA)"]
[Black "Baxter Brent  (WA)"]
[Result "1-0"]
[WhiteElo "2223"]
[BlackElo "1958"]
[Annotator ""]
[Source ""]
[Remark "Open"]

1.e4 c6 2.d4 d5 3.Nc3 dxe4 4.Nxe4 Nf6 5.Nxf6+ exf6 6.c3 Bd6 7.Bd3
O-O 8.Ne2 Qc7 9.Qc2 g6 10.h4 c5 11.Bh6 Re8 12.O-O-O cxd4 13.Nxd4
Bf4+ 14.Bxf4 Qxf4+ 15.Kb1 Nc6 16.Nb5 Re7 17.g3 Qe5 18.f4 Qc5
19.h5 f5 20.g4 a6 21.gxf5 Bxf5 22.Bxf5 Qxf5 23.Qxf5 gxf5 24.Nd6
Re6 25.Nxb7 Rb8 26.Rhg1+ Kf8 27.Nc5 1-0

[Event "Washington Open Championship"]
[Site "Lynnwood, WA"]
[Date "2016.05.28"]
[Round "2"]
[White "Lomboy Gilbert  (WA)"]
[Black "Pothukuchi Revanth  (WA)"]
[Result "0-1"]
[WhiteElo "1776"]
[BlackElo "1559"]
[Annotator ""]
[Source ""]
[Remark "Reserve"]

1.e4 c5 2.Nf3 d6 3.c4 Nf6 4.Nc3 a6 5.b3 e6 6.Be2 Be7 7.Bb2 O-O
8.O-O b6 9.Qc2 Bb7 10.d4 cxd4 11.Nxd4 Qc7 12.Bd3 Nc6 13.Nxc6
Bxc6 14.Ne2 h6 15.h3 Nd7 16.Nd4 Bb7 17.Qe2 Bf6 18.Rad1 Rfe8 19.Bb1
d5 20.Kh1 Nc5 21.cxd5 exd5 22.Rc1 Qb8 23.b4 Nxe4 24.Qg4 Bc8 25.Qd1
Qf4 26.Qd3 g6 27.Rce1 Nxf2+ 28.Kg1 Rxe1 0-1

[Event "Washington Open Championship"]
[Site "Lynnwood, WA"]
[Date "2016.05.29"]
[Round "4"]
[White "Varner Murlin  (WA)"]
[Black "Lee Brian  (WA)"]
[Result "1/2-1/2"]
[WhiteElo "1569"]
[BlackElo "1352"]
[Annotator ""]
[Source ""]
[Remark "Reserve"]

1.c4 Nf6 2.Nc3 g6 3.g3 Bg7 4.Bg2 O-O 5.d4 d6 6.Nf3 Nbd7 7.O-O
e5 8.Bg5 Re8 9.Qc1 c6 10.dxe5 dxe5 11.Rd1 Qc7 12.Bxf6 {?} Nxf6
13.e4 Be6 14.b3 h6 15.Rb1 Rad8 16.Qc2 Rd7 17.Na4 b6 18.Rxd7 Nxd7
19.Rd1 Rd8 20.Qd2 Bf8 21.Nb2 Kg7 22.Qc3 f6 23.Nd3 a5 24.Nfe1
Be7 25.Qc2 Nf8 26.f3 Bc8 27.h4 Ne6 28.Kh2 Nd4 29.Qf2 h5 30.Nc2
Bc5 31.Nxc5 bxc5 32.Ne1 Be6 33.Nd3 Qb6 34.Rc1 {?} ( 34.f4 $14 )
Nxb3 35.Rb1 Rxd3 36.axb3 Bxc4 37.bxc4 Qxb1 38.Qxc5 Rd2 {??} 39.Qe7+
Kh6 40.Qf8+ Kh7 41.Qf7+ 1/2-1/2

[Event "Washington Open Championship"]
[Site "Lynnwood, WA"]
[Date "2016.05.30"]
[Round "5"]
[White "Little Jack  (WA)"]
[Black "Varner Murlin  (WA)"]
[Result "1/2-1/2"]
[WhiteElo "1338"]
[BlackElo "1569"]
[Annotator ""]
[Source ""]
[Remark "Reserve"]

1.e4 e6 2.d4 d5 3.exd5 exd5 4.c4 Nf6 5.Nc3 Bb4 6.Nf3 O-O 7.Bd2
Bg4 8.Be2 dxc4 9.O-O Bxc3 10.Bxc3 b5 11.a4 c6 12.h3 Bh5 13.b3
Ne4 {?} ( 13...Nd5 ) 14.Bb4 Re8 15.axb5 cxb5 16.bxc4 Nc6 17.Ba3
bxc4 {??} ( 17...Nc3 $19 ) 18.Bxc4 Nxd4 {????} 19.Qxd4 Qxd4 20.Nxd4
Nd2 21.Rfc1 Re4 {?} 22.Bd5 Rxd4 23.Bxa8 Rd8 24.Bd5 h6 25.Ba2
Bg6 26.Rd1 Bc2 27.Rdc1 Bb3 28.Rc7 Bxa2 29.Rxa2 Ne4 30.Bb2 Rd1+
31.Kh2 Nd2 32.Raxa7 {??} Nf1+ 33.Kg1 Ng3+ 1/2-1/2

[Event "Washington Open Championship"]
[Site "Lynnwood, WA"]
[Date "2016.05.28"]
[Round "2"]
[White "Cicio Daniel  (WA)"]
[Black "Rowe Stuart  (WA)"]
[Result "1-0"]
[WhiteElo "1175"]
[BlackElo "1702"]
[Annotator ""]
[Source ""]
[Remark "Reserve"]

1.c4 Nf6 2.Nc3 g6 3.g3 Bg7 4.Bg2 O-O 5.Nf3 c5 6.d4 cxd4 7.Nxd4
Nc6 8.e3 a6 9.O-O Qc7 10.b3 d6 11.Bb2 Bg4 12.Nd5 Nxd5 13.Qxg4
Nf6 14.Qe2 Rad8 15.Nxc6 bxc6 16.c5 a5 17.cxd6 exd6 18.Rac1 c5
19.Rfd1 Rfe8 20.Qa6 Ne4 21.Bxg7 Kxg7 22.Bxe4 Rxe4 23.Rd5 Re6
24.Rcd1 Kf8 25.Qd3 Ke7 26.e4 Qb6 27.Kg2 Rf6 28.e5 Rxf2+ 29.Kxf2 1-0

[Event "Washington Open Championship"]
[Site "Lynnwood, WA"]
[Date "2016.05.28"]
[Round "2"]
[White "Patterson Roger  (CAN)"]
[Black "Bonrud Neal  (WA)"]
[Result "1/2-1/2"]
[WhiteElo "2122"]
[BlackElo "1798"]
[Annotator ""]
[Source ""]
[Remark "Open"]

1.c4 f5 2.d4 Nf6 3.Nc3 e6 4.g3 Be7 5.Bg2 O-O 6.Nf3 d6 7.O-O Ne4
8.Qc2 Nxc3 9.Qxc3 Bf6 10.Qc2 Qe8 11.e4 Nc6 12.exf5 exf5 13.d5
Ne5 14.Nxe5 dxe5 15.f4 e4 16.Be3 b6 17.Rfd1 c5 18.Rd2 Qh5 19.Qd1
Qxd1+ 20.Raxd1 1/2-1/2

[Event "Washington Open Championship"]
[Site "Lynnwood, WA"]
[Date "2016.05.28"]
[Round "2"]
[White "Hasuike Mike  (OR)"]
[Black "Patton Lorenzo  (WA)"]
[Result "1/2-1/2"]
[WhiteElo "1500"]
[BlackElo "1087"]
[Annotator ""]
[Source ""]
[Remark "Reserve"]

1.e4 Nf6 2.e5 Nd5 3.Bc4 Nb6 4.Bb3 Nc6 5.d4 d5 6.Nf3 Bg4 7.Be3
e6 8.h3 Bh5 9.Nc3 Na5 10.a3 Nxb3 11.cxb3 Be7 12.Bf4 c5 13.dxc5
Bxc5 14.b4 Be7 15.Qd3 a6 16.Nd4 Bg6 17.Qe2 O-O 18.b5 Bc5 19.Nb3
Be7 20.bxa6 bxa6 21.Nd2 Qd7 22.Qg4 Kh8 1/2-1/2

[Event "Washington Open Championship"]
[Site "Lynnwood, WA"]
[Date "2016.05.28"]
[Round "1"]
[White "Lopez Francisco  (WA)"]
[Black "Talyansky Seth  (OR)"]
[Result "0-1"]
[WhiteElo "1728"]
[BlackElo "2057"]
[Annotator ""]
[Source ""]
[Remark "Open"]

1.d4 d5 2.e3 Nf6 3.Bd3 e6 4.Nd2 c5 5.c3 Nbd7 6.f4 b6 7.Ngf3 Bb7
8.O-O Be7 9.Ne5 a6 10.a4 Ne4 11.Qe2 O-O 12.Rd1 Nxe5 13.fxe5 Qc7
14.Nf3 f6 15.Bd2 fxe5 16.Nxe5 Bd6 17.Nf3 Rf6 18.Rf1 Rh6 19.g4
Rf8 20.Be1 Rg6 21.Qg2 h5 22.g5 e5 23.h4 exd4 24.exd4 Rf4 25.Nh2
Re6 26.Rxf4 Bxf4 27.Nf3 Re7 28.Rd1 Bc8 29.Bd2 Bg4 30.Be1 Be3+
31.Kh1 Qf4 32.Be2 Nf2+ 33.Bxf2 Bxf2 34.Ne5 Bxe2 35.Qxd5+ Kh7
36.g6+ Kh6 37.Rd3 Qc1+ 38.Kh2 Qg1+ 39.Kh3 Bf1+ 0-1

[Event "Washington Open Championship"]
[Site "Lynnwood, WA"]
[Date "2016.05.29"]
[Round "3"]
[White "Anand Vignesh  (WA)"]
[Black "Rowles Steve  (WA)"]
[Result "1/2-1/2"]
[WhiteElo "1628"]
[BlackElo "1919"]
[Annotator ""]
[Source ""]
[Remark "Open"]

1.d4 Nf6 2.Nf3 b6 3.Bf4 Bb7 4.Nbd2 e6 5.e3 Be7 6.h3 O-O 7.Bd3
d6 8.Qe2 Nd5 9.O-O-O f5 10.a3 c5 11.Bh2 Nc6 12.g4 f4 13.exf4
Nxf4 14.Bxf4 Rxf4 15.Qxe6+ Kh8 16.d5 Nd4 17.Nxd4 cxd4 18.Rde1
Bf6 19.Qf7 Rb8 20.Qh5 Qg8 21.Re6 Be5 22.Ne4 Bxd5 23.Ng5 g6 24.Rxg6
Bg7 25.Nxh7 Qxh7 26.Qxh7+ Kxh7 27.Rxd6+ Be4 28.Bxe4+ Rxe4 29.Rd7
Re2 1/2-1/2

[Event "Washington Open Championship"]
[Site "Lynnwood, WA"]
[Date "2016.05.29"]
[Round "3"]
[White "Bonrud Neal  (WA)"]
[Black "Setiadikurnia Sloan  (WA)"]
[Result "1/2-1/2"]
[WhiteElo "1798"]
[BlackElo "1963"]
[Annotator ""]
[Source ""]
[Remark "Open"]

1.e4 c5 2.Nc3 Nc6 3.f4 g6 4.Nf3 Bg7 5.Bb5 Nd4 6.a4 a6 7.Bc4 d6
8.Nxd4 cxd4 9.Ne2 e6 10.O-O Ne7 11.Bb3 h5 12.d3 Bd7 13.Bd2 Nc6
14.Qe1 Qe7 15.Kh1 f5 16.Qg3 Kf7 17.exf5 gxf5 18.Qf3 h4 19.Rae1
Rag8 20.Ng1 Nd8 21.Qh3 Kf8 22.Nf3 Nf7 23.Rf2 Qf6 24.Bb4 Bh6 25.Nd2
Rg4 26.Nc4 Bxf4 27.Nxd6 Kg7 28.Nxf7 Kxf7 1/2-1/2

[Event "Washington Open Championship"]
[Site "Lynnwood, WA"]
[Date "2016.05.29"]
[Round "3"]
[White "Baxter Brent  (WA)"]
[Black "Casey Garrett  (WA)"]
[Result "0-1"]
[WhiteElo "1958"]
[BlackElo "1660"]
[Annotator ""]
[Source ""]
[Remark "Open"]

1.b3 Nf6 2.Bb2 g6 3.g4 Bg7 4.g5 Nh5 5.Qc1 f6 6.h4 e5 7.d4 exd4
8.Nf3 c5 9.c3 O-O 10.cxd4 cxd4 11.gxf6 Bxf6 12.Bxd4 Bxd4 13.Qc4+
d5 14.Qxd4 Nc6 15.Qb2 Bg4 16.Nbd2 Qa5 17.Bh3 Bxh3 18.Rxh3 Nf4
19.Rg3 Rae8 20.Ng1 Qa6 21.O-O-O Nxe2+ 22.Nxe2 Rxe2 23.Rdg1 Nb4
24.Qd4 Rfxf2 25.Qxb4 Rxd2 26.Rc3 Rxa2 27.Rc8+ Kg7 28.Qd4+ Qf6
29.Rc7+ {Score sheet ends.  Both players in their last minute or two.}
 0-1

[Event "Washington Open Championship"]
[Site "Lynnwood, WA"]
[Date "2016.05.29"]
[Round "3"]
[White "Christy John  (WA)"]
[Black "Patton Lorenzo  (WA)"]
[Result "1-0"]
[WhiteElo "1527"]
[BlackElo "1087"]
[Annotator ""]
[Source ""]
[Remark "Reserve"]

1.e4 e5 2.Nf3 Nc6 3.Bc4 Bc5 4.c3 Nf6 5.d4 exd4 6.cxd4 Bb4+ 7.Nc3
Nxe4 8.O-O Nxc3 9.bxc3 Bxc3 10.Ba3 Bxa1 11.Re1+ Ne7 12.Rxe7+
Qxe7 13.Bxe7 Kxe7 14.Qe1+ Kd8 15.Qxa1 f6 16.Qb1 b6 17.Bd3 h6
18.Bg6 d5 19.Nh4 Bd7 20.Nf5 Be8 21.Bxe8 Rxe8 22.Kf1 Re4 23.f3
Re6 24.Nxg7 Rc6 25.Nf5 Kd7 26.Qb5 Rd8 27.Qxd5+ Rd6 28.Nxd6 cxd6
29.Qf7+ Kc8 30.Qxa7 1-0

[Event "Washington Open Championship"]
[Site "Lynnwood, WA"]
[Date "2016.05.29"]
[Round "3"]
[White "Schmidt Karen  (WA)"]
[Black "Valeriote Cecelia  (WA)"]
[Result "1-0"]
[WhiteElo "826"]
[BlackElo "1030"]
[Annotator ""]
[Source ""]
[Remark "Booster"]

1.d4 d5 2.c4 e6 3.Nc3 Nf6 4.Nf3 Be7 5.Qc2 O-O 6.Bg5 c6 7.Ne5
Nbd7 8.Nxd7 Qxd7 9.Rd1 Re8 10.e4 Qc7 11.Bd3 e5 12.cxd5 exd4 13.Ne2
Qe5 14.Bf4 Bb4+ 15.Bd2 Bxd2+ 16.Qxd2 cxd5 17.exd5 Qxd5 18.f3
Bd7 19.O-O Re7 20.Nf4 Qd6 21.Rde1 Rae8 22.Rxe7 Rxe7 23.h3 Re3
24.Ne2 Nh5 25.Nxd4 Qxd4 26.Bxh7+ Kxh7 27.Qxd4 Re7 28.Qxa7 Ng3
29.Rd1 Bb5 30.Kh2 Nf5 31.Qc5 Be2 32.Rd8 g6 33.b4 Ng7 34.a4 Ne6
35.Qxe7 Nxd8 36.Qxd8 1-0

[Event "Washington Open Championship"]
[Site "Lynnwood, WA"]
[Date "2016.05.29"]
[Round "3"]
[White "Collyer Curt  (WA)"]
[Black "Feng Roland  (WA)"]
[Result "0-1"]
[WhiteElo "2311"]
[BlackElo "2430"]
[Annotator ""]
[Source ""]
[Remark "Open"]

1.d4 Nf6 2.c4 e6 3.Nc3 Bb4 4.f3 d5 5.a3 Bxc3+ 6.bxc3 O-O 7.cxd5
exd5 8.e3 b6 9.Bd3 Bb7 10.Ne2 c5 11.O-O Re8 12.Ng3 Nc6 13.Ra2
Qc7 14.Raf2 Rad8 15.Bb1 Ba6 16.Re1 h5 17.Nf1 Re6 18.h3 h4 19.Bf5
Ree8 20.Bd3 Bxd3 21.Qxd3 Re6 22.Rd1 g6 23.Rc2 c4 24.Qe2 Ne7 25.e4
dxe4 26.Bg5 Ned5 27.fxe4 Rxe4 28.Qf3 Re6 29.Bxh4 Qc6 30.Bg5 Rde8
31.Ng3 Ne3 32.Qxc6 Rxc6 33.Bxe3 Rxe3 34.Nf1 Re8 35.Kf2 Nd5 36.Re1
{??} Rf6+ 0-1

[Event "Washington Open Championship"]
[Site "Lynnwood, WA"]
[Date "2016.05.29"]
[Round "3"]
[White "Tarjan James  (OR)"]
[Black "Lee Addison  (WA)"]
[Result "0-1"]
[WhiteElo "2515"]
[BlackElo "1773"]
[Annotator ""]
[Source ""]
[Remark "Open"]

1.d4 Nf6 2.c4 d6 3.Nc3 Nbd7 4.Nf3 e5 5.Bg5 h6 6.Bh4 g5 7.Bg3
Nh5 8.e3 Bg7 9.dxe5 Nxg3 10.hxg3 Nxe5 11.Nd4 Be6 12.Nxe6 fxe6
13.Be2 Nd7 14.Bh5+ Ke7 15.Qc2 Bxc3+ 16.Qxc3 Qf8 17.O-O-O Qf6
18.Qxf6+ Kxf6 19.Bf3 Rab8 20.Rh5 Kg7 21.Rhh1 Rhf8 22.Rhf1 a5
23.Bg4 Nc5 24.Be2 Rf6 25.g4 Rbf8 26.f3 e5 27.g3 R6f7 28.Kc2 Rf6
29.Kc1 Rd8 30.Rd2 Rh8 31.Rh1 Rhf8 32.Rdd1 Rxf3 33.Bxf3 Rxf3 34.Rh3
Ne4 35.Rh2 Nf2 36.Rd2 Nxg4 37.Rhe2 Nxe3 38.b3 Nf1 39.Rd1 Nxg3
40.Rg2 b6 41.Rdg1 Nf5 42.Rg4 Kg6 43.Kb1 Ne3 44.Re4 Kf5 45.Rxe3
Rxe3 46.Kc2 g4 47.c5 bxc5 0-1

[Event "Washington Open Championship"]
[Site "Lynnwood, WA"]
[Date "2016.05.29"]
[Round "4"]
[White "Velea Sophie  (WA)"]
[Black "Hasuike Mike  (OR)"]
[Result "1/2-1/2"]
[WhiteElo "1041"]
[BlackElo "1500"]
[Annotator ""]
[Source ""]
[Remark "Reserve"]

1.e4 Nf6 2.Nc3 d5 3.exd5 Nxd5 4.Nf3 Bg4 5.Be2 e6 6.d4 Be7 7.O-O
Nd7 8.Bd2 O-O 9.Nxd5 exd5 10.Bf4 Nf6 11.h3 Bh5 12.Ne5 Bxe2 13.Qxe2
c6 14.Rfe1 Bd6 15.Bg5 Re8 16.Qf3 Be7 17.Ng4 Nxg4 18.Bxe7 Rxe7 1/2-1/2

[Event "Washington Open Championship"]
[Site "Lynnwood, WA"]
[Date "2016.05.29"]
[Round "4"]
[White "Le Blanc Paul  (CAN)"]
[Black "Pupols Viktors  (WA)"]
[Result "1/2-1/2"]
[WhiteElo "1879"]
[BlackElo "2200"]
[Annotator ""]
[Source ""]
[Remark "Open"]

1.d4 d5 2.c4 e6 3.Nf3 c6 4.g3 Nd7 5.Bg2 Ngf6 6.O-O b6 7.cxd5
cxd5 8.Nc3 Bb7 9.Bf4 Nh5 10.Bg5 Be7 11.Bxe7 Qxe7 12.Rc1 O-O 13.Qd2
Nhf6 14.e3 Rfd8 15.Rfd1 Ne4 16.Qe2 a5 17.Nxe4 dxe4 18.Nd2 Ba6
19.Qe1 f5 20.Bf1 Bxf1 21.Qxf1 e5 22.Nc4 b5 23.Nxe5 Nxe5 24.dxe5
Qxe5 25.Qe2 h6 26.Kg2 Kh7 27.Rc2 Rxd1 28.Qxd1 a4 29.a3 Qb8 30.h4 1/2-1/2

[Event "Washington Open Championship"]
[Site "Lynnwood, WA"]
[Date "2016.05.29"]
[Round "4"]
[White "Thirunavukkarasu Thiruchelvam  (WA)"]
[Black "Ewig Sarah  (WA)"]
[Result "0-1"]
[WhiteElo "743"]
[BlackElo "678"]
[Annotator ""]
[Source ""]
[Remark "Booster"]

1.e4 c5 2.c4 d6 3.Nc3 Nf6 4.Nf3 e6 5.Bd3 a6 6.O-O Be7 7.e5 dxe5
8.Nxe5 O-O 9.Be4 Nxe4 10.Nxe4 Qc7 11.Nd3 Nd7 12.b3 Ne5 13.Bb2
Nxd3 14.Bc3 Ne5 15.d3 Nc6 16.Qe2 e5 17.Rfe1 Be6 18.Rad1 Nd4 19.Bxd4
exd4 20.Qd2 Bf5 21.Ng5 Bxg5 22.Qxg5 Bg6 23.b4 b6 24.Re2 Rfe8
25.Rxe8+ Rxe8 26.bxc5 bxc5 27.a4 Qa5 28.Qd5 Re1+ 0-1

[Event "Washington Open Championship"]
[Site "Lynnwood, WA"]
[Date "2016.05.29"]
[Round "4"]
[White "Phipps Danny  (OR)"]
[Black "Haining Kyle  (WA)"]
[Result "0-1"]
[WhiteElo "1922"]
[BlackElo "2286"]
[Annotator ""]
[Source ""]
[Remark "Open"]

1.d4 g6 2.c4 Bg7 3.e4 d6 4.Nc3 Nf6 5.f3 O-O 6.Be3 Nbd7 7.Nge2
c5 8.Qd2 Qa5 9.Nd5 Qxd2+ 10.Kxd2 Nxd5 11.exd5 b5 12.dxc5 dxc5
13.cxb5 Bxb2 14.Rb1 Bg7 15.Nf4 Rd8 16.Be2 Nb6 17.Rhd1 e5 18.Nh3
Nxd5 19.Bxc5 Bf5 20.Ke1 Bxb1 21.Rxb1 Nc3 22.Rb3 e4 23.Ng5 Nxe2
24.Kxe2 Rdc8 0-1

[Event "Washington Open Championship"]
[Site "Lynnwood, WA"]
[Date "2016.05.29"]
[Round "4"]
[White "Sheehan Timothy  (WA)"]
[Black "Hazra Rishi  (WA)"]
[Result "1-0"]
[WhiteElo "1255"]
[BlackElo "1117"]
[Annotator ""]
[Source ""]
[Remark "Booster"]

1.e4 c5 2.Nf3 Nc6 3.d3 g6 4.g3 Bg7 5.c3 Nf6 6.Bg2 e6 7.O-O O-O
8.Re1 d5 9.Nbd2 Qb6 10.Nb3 Ng4 11.h3 Nf6 12.Be3 Nd7 13.a4 Na5
14.Nxa5 Qxa5 15.Bd2 Qa6 16.e5 Qb6 17.Qc1 Re8 18.Bh6 Bh8 19.d4
Qc7 20.a5 Nb8 21.Bg5 Nc6 22.Bf6 Nxa5 23.Qh6 Rd8 24.Ng5 Bxf6 25.exf6
Kh8 26.Qg7# 1-0

[Event "Washington Open Championship"]
[Site "Lynnwood, WA"]
[Date "2016.05.30"]
[Round "6"]
[White "Velea Stephanie  (WA)"]
[Black "Varner Murlin  (WA)"]
[Result "0-1"]
[WhiteElo "1067"]
[BlackElo "1569"]
[Annotator ""]
[Source ""]
[Remark "Reserve"]

1.e4 e6 2.d4 d5 3.Nc3 Bb4 4.Bd2 Nf6 5.Bd3 O-O 6.Nf3 {?} Bxc3
7.e5 Bxd2+ 8.Nxd2 Ne4 9.Nxe4 dxe4 10.Bxe4 f5 11.Bf3 Nc6 12.Bxc6
bxc6 13.h4 Bb7 14.Qf3 Qxd4 15.Kf1 Qxe5 16.Qa3 c5 17.Re1 Qd5 18.Rh2
a5 19.h5 Ba6+ 20.Kg1 Qd2 21.Qc3 Qxc3 22.bxc3 Bc4 23.a3 Rab8 24.Rh4
Bd5 25.c4 Be4 26.f3 Bxc2 27.Rxe6 Rb1+ 28.Kh2 Ra1 29.h6 g6 30.g4
fxg4 31.Rxg4 Bf5 32.Rge4 Ra2+ ( 32...Bxe6 ) 33.Kg3 Bxe4 34.Rxe4
Rxa3 35.Rf4 Rxf4 36.Kxf4 Rc3 37.Ke5 Rxc4 38.Kd5 Rc1 39.Ke4 Kf7
40.Kd3 Ke6 41.Kd2 Rc4 42.Kd3 Rb4 43.Kc3 a4 44.Kc2 a3 45.Kc3 a2
46.Kc2 a1Q 47.Kd3 Qa3+ 48.Kc2 Rb2+ 49.Kc1 Qa1# 0-1

[Event "Washington Open Championship"]
[Site "Lynnwood, WA"]
[Date "2016.05.29"]
[Round "4"]
[White "Tarjan James  (OR)"]
[Black "Roper David  (WA)"]
[Result "1-0"]
[WhiteElo "2515"]
[BlackElo "2223"]
[Annotator ""]
[Source ""]
[Remark "Open"]

1.c4 f5 2.g3 Nf6 3.Bg2 d6 4.Nc3 g6 5.d3 Bg7 6.e4 Nc6 7.Nge2 e5
8.O-O O-O 9.Nd5 Ne7 10.Nxf6+ Bxf6 11.Bh6 Bg7 12.Bxg7 Kxg7 13.exf5
Nxf5 14.Qd2 Re8 15.Rae1 Rb8 16.d4 Bd7 17.dxe5 Rxe5 18.Nd4 Qf6
19.Rxe5 Qxe5 20.Nxf5+ Bxf5 21.Re1 Qf6 22.Qa5 b6 23.Qxa7 Rc8 24.h3
Be6 25.b3 Bf7 26.Qb7 Qd8 27.Re3 Rb8 28.Qc6 Rc8 29.h4 h6 30.a4
Rb8 31.Kh2 g5 32.Qe4 Qf6 33.Rf3 Bg6 34.Qg4 1-0

[Event "Washington Open Championship"]
[Site "Lynnwood, WA"]
[Date "2016.05.29"]
[Round "2"]
[White "Perez Ignacio  (WA)"]
[Black "Colasurdo James  (WA)"]
[Result "1-0"]
[WhiteElo "2245"]
[BlackElo "2061"]
[Annotator ""]
[Source ""]
[Remark "Open -- Two Day"]

1.e4 c5 2.Nf3 g6 3.Nc3 Bg7 4.d4 cxd4 5.Nxd4 Nc6 6.Be3 Nf6 7.Be2
Qa5 8.Nb3 Qc7 9.Qd2 a6 10.O-O-O b5 11.Bh6 Bxh6 12.Qxh6 Bb7 13.Nd5
Nxd5 14.exd5 Nb4 15.Rd2 Bxd5 16.a3 Bxb3 17.axb4 Be6 18.Bf3 Rc8
19.Re1 Qc4 20.Qg7 Rf8 21.Qe5 Qxb4 22.Bb7 d6 23.Qe3 Qa5 24.Kd1
Rc5 25.Ke2 Re5 26.Qxe5 Bc4+ 27.Kf3 1-0

[Event "Washington Open Championship"]
[Site "Lynnwood, WA"]
[Date "2016.05.29"]
[Round "2"]
[White "Raj Vishruth  (WA)"]
[Black "Campbell Tim  (WA)"]
[Result "0-1"]
[WhiteElo "367"]
[BlackElo "1759"]
[Annotator ""]
[Source ""]
[Remark "Open -- Two Day"]

1.e4 c5 2.Nf3 Nc6 3.d4 cxd4 4.Nxd4 g6 5.Nc3 Bg7 6.Nf3 Nf6 7.Bd3
O-O 8.O-O d5 9.Be3 d4 10.Bd2 dxc3 11.Bxc3 Qc7 12.h3 Rd8 13.Re1
b6 14.Qc1 Bb7 15.Bd2 Ne5 16.Nxe5 Qxe5 17.f3 Rac8 18.Bc3 Qg3 19.Rb1
Nh5 20.Bd2 Rxd3 21.Qd1 Rdd8 22.Qe2 Rxc2 23.b3 Rdxd2 24.Qf1 Rxg2+
25.Qxg2 Qxg2# 0-1

[Event "Washington Open Championship"]
[Site "Lynnwood, WA"]
[Date "2016.05.30"]
[Round "6"]
[White "Miller Travis  (ID)"]
[Black "Baxter Brent  (WA)"]
[Result "0-1"]
[WhiteElo "1869"]
[BlackElo "1958"]
[Annotator ""]
[Source ""]
[Remark "Open"]

1.c4 Nf6 2.Nc3 e5 3.Nf3 Nc6 4.d4 exd4 5.Nxd4 Bb4 6.Bg5 h6 7.Bh4
Bxc3+ 8.bxc3 d6 9.Nxc6 bxc6 10.c5 d5 11.Qa4 Bd7 12.e3 Qe7 13.Bd3
Qxc5 14.Bxf6 gxf6 15.Qd4 Qd6 16.O-O Rg8 17.Qh4 Ke7 18.e4 Rg4
19.Qh5 Rag8 20.exd5 {??} ( 20.g3 ) Rxg2+ 21.Kh1 Bg4 22.Rfe1+
Kd8 23.Rab1 Rxh2+ 0-1

[Event "Washington Open Championship"]
[Site "Lynnwood, WA"]
[Date "2016.05.30"]
[Round "6"]
[White "Talyansky Seth  (OR)"]
[Black "He Samuel  (WA)"]
[Result "0-1"]
[WhiteElo "2057"]
[BlackElo "2259"]
[Annotator ""]
[Source ""]
[Remark "Open"]

1.e4 g6 2.d4 Bg7 3.Nc3 a6 4.Be3 b5 5.Qd2 Bb7 6.f3 d6 7.g4 Nd7
8.h4 h5 9.g5 e6 10.Nge2 Ne7 11.Bg2 Nb6 12.b3 Qc8 13.O-O O-O 14.Nd1
c5 15.c3 Rd8 16.Bh3 Qc7 17.Nf2 a5 18.Ng3 Nc6 19.Rac1 d5 20.f4
cxd4 21.Bxd4 dxe4 22.Ngxe4 Nxd4 23.cxd4 Qe7 24.Bg2 Rxd4 25.Qe2
Nd5 26.Nd3 Rd8 27.Ndc5 Ba8 28.Rf2 b4 29.Na4 Qa7 30.Kh1 Ne3 0-1

[Event "Washington Open Championship"]
[Site "Lynnwood, WA"]
[Date "2016.05.29"]
[Round "1"]
[White "Shaji Karthik  (WA)"]
[Black "Perez Ignacio  (WA)"]
[Result "0-1"]
[WhiteElo "1912"]
[BlackElo "2245"]
[Annotator ""]
[Source ""]
[Remark "Open -- Two Day"]

1.d4 Nf6 2.c4 g6 3.Nf3 Bg7 4.g3 c5 5.Bg2 cxd4 6.Nxd4 Qc7 7.Qd3
Na6 8.Nc3 Nb4 9.Qd1 Qxc4 10.O-O O-O 11.Bg5 Nc6 12.Nb3 d6 13.Rc1
Qg4 14.Bxf6 Bxf6 15.Nd5 Bxb2 16.Rxc6 bxc6 17.Nxe7+ Kg7 18.Bxc6
Rb8 19.Qxd6 Be6 20.Nc5 Bf6 21.Bf3 Bxe7 22.Qxe7 Qc4 23.Qxa7 Bh3
24.Rd1 Qc2 25.Ra1 Rb1+ 0-1

[Event "Washington Open Championship"]
[Site "Lynnwood, WA"]
[Date "2016.05.29"]
[Round "1"]
[White "Charleston Scott  (WA)"]
[Black "Hendricks David  (WA)"]
[Result "0-1"]
[WhiteElo "1500"]
[BlackElo "1644"]
[Annotator ""]
[Source ""]
[Remark "Reserve -- Two Day"]

1.e4 c5 2.Nf3 Nc6 3.d4 cxd4 4.Nxd4 Nf6 5.Nc3 e5 6.Nf5 d6 7.Ng3
Be6 8.Bg5 Be7 9.Qd2 h6 10.Bxf6 Bxf6 11.Nh5 Bg5 12.Nxg7+ Kf8 13.Nxe6+
fxe6 14.Qd3 Nb4 15.Qd1 h5 16.Bc4 Ke7 17.h4 Bh6 18.O-O Qe8 19.Nb5
Qc6 20.b3 a6 21.Na3 Qxe4 22.c3 Nc6 23.g3 Rag8 24.Kh2 Rg4 25.Kh3
Rhg8 26.Bd3 Rxh4+ 27.gxh4 Qg2# 0-1

[Event "Washington Open Championship"]
[Site "Lynnwood, WA"]
[Date "2016.05.29"]
[Round "3"]
[White "Lopez Francisco  (WA)"]
[Black "Richardson Ryan  (OR)"]
[Result "1/2-1/2"]
[WhiteElo "1728"]
[BlackElo "2133"]
[Annotator ""]
[Source ""]
[Remark "Open --Two Day"]

1.d4 Nf6 2.e3 e6 3.Bd3 d5 4.Nd2 c5 5.c3 Nc6 6.f4 Be7 7.Ngf3 Ng4
8.Qe2 f5 9.O-O O-O 10.Ne5 Nf6 11.Ndf3 Bd7 12.Bd2 Ne4 13.a3 Be8
14.Nxc6 bxc6 15.Ne5 c4 16.Bxe4 fxe4 17.Be1 Rb8 18.Bf2 Bd6 19.Kh1
c5 20.Bg1 Qh4 21.Bf2 Qh6 22.g3 Bxe5 23.dxe5 Qh3 24.Rg1 g5 25.Rad1
Kh8 26.Rd2 g4 27.Rf1 Ba4 28.Bg1 Rf5 29.Qg2 Qh5 30.Qe2 Qh3 31.Qg2
Qh5 32.Qe2 1/2-1/2

[Event "Washington Open Championship"]
[Site "Lynnwood, WA"]
[Date "2016.05.29"]
[Round "3"]
[White "Jiang Brandon  (WA)"]
[Black "Charleston Scott  (WA)"]
[Result "1-0"]
[WhiteElo "1557"]
[BlackElo "1500"]
[Annotator ""]
[Source ""]
[Remark "Reserve -- Two Day"]

1.e4 d5 2.exd5 Qxd5 3.Nc3 Qa5 4.Nf3 Nf6 5.Bc4 Bf5 6.d3 c6 7.O-O
e6 8.Bf4 Bb4 9.Rb1 b5 10.Bb3 Bxc3 11.bxc3 Qxc3 12.Be5 Qa5 13.Nd4
Nbd7 14.Nxf5 exf5 15.Bd6 O-O-O 16.Qf3 Kb7 17.c4 b4 18.Bc2 Nb6
19.c5 Nbd5 20.a3 Rhe8 21.axb4 Nxb4 22.h3 Qb5 23.Kh2 g6 24.Rxb4
Qxb4 25.Rb1 Qxb1 26.Bxb1 Re1 27.Ba2 Rd7 28.d4 Nd5 29.Bxd5 cxd5
30.Qxd5+ Ka6 31.Qc6+ Ka5 32.Qxd7 1-0

[Event "Washington Open Championship"]
[Site "Lynnwood, WA"]
[Date "2016.05.29"]
[Round "3"]
[White "Buck Stephen  (WA)"]
[Black "Hendricks David  (WA)"]
[Result "0-1"]
[WhiteElo "1731"]
[BlackElo "1644"]
[Annotator ""]
[Source ""]
[Remark "Reserve -- Two Day"]

1.c4 Nf6 2.Nc3 g6 3.g3 Bg7 4.Bg2 O-O 5.Nf3 c5 6.O-O Nc6 7.d3
d6 8.h3 Bd7 9.e4 a6 10.Be3 Rb8 11.Qd2 b5 12.Bh6 bxc4 13.Bxg7
Kxg7 14.dxc4 Be6 15.b3 Nd7 16.Ng5 Nd4 17.Ne2 Nxe2+ 18.Qxe2 Ne5
19.Nxe6+ fxe6 20.f4 Nc6 21.e5 Nd4 22.Qe4 Qa5 23.exd6 exd6 24.Qe1
Qd8 25.Rd1 Qf6 26.Qa5 e5 27.Qxa6 exf4 28.gxf4 Ne2+ 29.Kh2 Rbd8
30.Qb7+ Kh6 31.Qf3 Nxf4 32.Rd2 Qe5 33.Qg3 Rf5 34.Qh4+ Nh5+ 35.Kg1
Qe3+ 36.Kh1 Rxf1+ 37.Bxf1 Rf8 0-1